Top 10 Exporter States - Statistics

General Stats
  • This quiz has been taken 27 times
  • The average score is 8 of 10
Answer Stats
Rank State Total exports value % share % Correct
#2 California $175.1 billion 10.0%
100%
#3 New York $84.9 billion 4.8%
100%
#1 Texas $375.3 billion 21.4%
100%
#7 Florida $55.5 billion 3.2%
96%
#8 Washington $53.6 billion 3.1%
92%
#7 Michigan $55.5 billion 3.2%
84%
#5 Illinois $65.9 billion 3.8%
76%
#9 Ohio $50.4 billion 2.9%
76%
#10 New Jersey $49.5 billion 2.8%
68%
#4 Louisiana $76.8 billion 4.4%
56%
No matching quizzes found
Score Distribution
Percent of People with Each Score
Percentile by Number Answered
Your Score History
You have not taken this quiz